[Event "European Women's Chess Club Cup 2023"]
[Site "Durres, Albania"]
[Date "2023.10.02"]
[Round "2.25"]
[White "Van Foreest, Machteld"]
[Black "Danielian, Elina"]
[Result "1/2-1/2"]
[TimeControl "90' + 30' & 30\""]
[WhiteElo "2266"]
[BlackElo "2416"]

1. e4 {[%clk 01:30:57]} {[%emt 00:00:02]} c6 {[%clk 01:30:55]} {[%emt
00:00:06]} 2. Nf3 {[%clk 01:31:18]} d5 {[%clk 01:31:18]} {[%emt 00:00:16]} 3.
d3 {[%clk 01:31:45]} dxe4 {[%clk 01:25:14]} {[%emt 00:06:37]} 4. dxe4 {[%clk
01:32:06]} Qxd1+ {[%clk 01:25:40]} {[%emt 00:00:12]} 5. Kxd1 {[%clk 01:32:29]}
Nf6 {[%clk 01:24:51]} {[%emt 00:01:26]} 6. Nc3 {[%clk 01:30:28]} Bg4 {[%clk
01:19:18]} {[%emt 00:08:34]} 7. Be2 {[%clk 01:29:28]} Nbd7 {[%clk 01:18:38]}
{[%emt 00:02:40]} 8. Ne1 {[%clk 01:19:43]} {[%emt 00:10:15]} e5 {[%clk
01:09:39]} {[%emt 00:09:29]} 9. Nd3 {[%clk 01:16:34]} {[%emt 00:03:40]} Be6
{[%clk 01:07:13]} {[%emt 00:02:56]} 10. Ke1 {[%clk 01:12:19]} {[%emt 00:04:45]}
Bd6 {[%clk 01:01:58]} {[%emt 00:05:44]} 11. Be3 {[%clk 01:01:16]} {[%emt
00:11:33]} b5 {[%clk 00:51:09]} {[%emt 00:11:18]} 12. f3 {[%clk 00:59:48]} Ke7
{[%clk 00:51:15]} {[%emt 00:02:23]} 13. Kf2 {[%clk 00:57:49]} Rhc8 {[%clk
00:41:42]} {[%emt 00:12:31]} 14. Rhd1 {[%clk 00:51:30]} a5 {[%clk 00:35:29]}
{[%emt 00:13:33]} 15. g4 {[%clk 00:43:27]} Ne8 {[%clk 00:30:51]} {[%emt
00:13:41]} 16. g5 {[%clk 00:34:39]} g6 {[%clk 00:21:06]} {[%emt 00:19:32]} 17.
f4 {[%clk 00:30:08]} Ng7 {[%clk 00:15:03]} {[%emt 00:11:35]} 18. h4 {[%emt
00:06:13]} exf4 {[%clk 00:11:40]} 19. Bd4 {[%clk 00:26:03]} {[%emt 00:02:43]}
Kf8 {[%clk 00:09:17]} {[%emt 00:02:53]} 20. Kf3 {[%clk 00:24:26]} {[%emt
00:02:08]} Nh5 {[%clk 00:08:24]} {[%emt 00:01:23]} 21. e5 {[%clk 00:22:29]}
{[%emt 00:02:27]} Bc7 {[%clk 00:07:56]} {[%emt 00:00:57]} 22. Kf2 {[%clk
00:19:08]} {[%emt 00:03:51]} Re8 {[%clk 00:05:22]} {[%emt 00:03:04]} 23. Bf3
{[%clk 00:19:06]} Ra6 {[%clk 00:01:51]} {[%emt 00:04:33]} 24. Ne4 {[%clk
00:19:07]} Bd5 {[%clk 00:01:44]} {[%emt 00:01:07]} 25. Ndc5 {[%clk 00:14:34]}
Nxc5 {[%clk 00:02:07]} {[%emt 00:05:09]} 26. Nxc5 {[%clk 00:15:02]} Raa8 {[%clk
00:00:50]} {[%emt 00:01:50]} 27. Bxh5 {[%clk 00:14:29]} {[%emt 00:01:03]} gxh5
{[%clk 00:01:15]} {[%emt 00:00:05]} 28. Nd7+ {[%clk 00:14:52]} {[%emt
00:00:07]} Ke7 {[%clk 00:00:41]} {[%emt 00:01:03]} 29. Nf6 {[%clk 00:15:18]}
{[%emt 00:00:04]} Red8 {[%clk 00:00:48]} {[%emt 00:00:23]} 30. Nxh5 {[%clk
00:14:45]} {[%emt 00:01:03]} Be4 {[%clk 00:00:35]} {[%emt 00:00:42]} 31. Nxf4
{[%clk 00:11:45]} {[%emt 00:03:31]} Bxc2 {[%clk 00:00:46]} {[%emt 00:00:19]} 32.
Bc5+ {[%clk 00:11:30]} {[%emt 00:00:45]} Ke8 {[%clk 00:01:12]} {[%emt
00:00:04]} 33. Re1 {[%clk 00:10:28]} {[%emt 00:01:33]} Bg6 {[%clk 00:00:58]}
{[%emt 00:00:44]} 34. h5 {[%clk 00:08:30]} {[%emt 00:02:27]} Bf5 {[%clk
00:01:22]} {[%emt 00:00:06]} 35. g6 {[%clk 00:08:54]} {[%emt 00:00:06]} fxg6
{[%clk 00:01:17]} {[%emt 00:00:35]} 36. hxg6 {[%clk 00:09:22]} {[%emt
00:00:02]} hxg6 {[%clk 00:00:49]} {[%emt 00:00:57]} 37. Rh1 {[%clk 00:09:38]}
{[%emt 00:00:14]} Kd7 {[%clk 00:01:07]} {[%emt 00:00:13]} 38. Rad1+ {[%clk
00:09:29]} {[%emt 00:00:39]} Kc8 {[%clk 00:01:34]} {[%emt 00:00:03]} 39. Rxd8+
{[%clk 00:09:11]} {[%emt 00:00:49]} Bxd8 {[%clk 00:02:01]} {[%emt 00:00:02]} 40.
Rh8 {[%clk 00:02:48]} {[%emt 00:06:53]} g5 {[%clk 00:00:55]} {[%emt 00:01:36]}
41. Ne2 {[%clk 00:28:49]} {[%emt 00:04:29]} Kb7 {[%clk 00:28:00]} {[%emt
00:03:24]} 42. Rf8 {[%clk 00:27:55]} {[%emt 00:01:25]} Be6 {[%clk 00:26:11]}
{[%emt 00:02:18]} 43. Rh8 {[%clk 00:14:06]} {[%emt 00:14:19]} Bb6 {[%clk
00:20:44]} {[%emt 00:05:57]} 44. Rh7+ {[%clk 00:14:30]} {[%emt 00:00:06]} Ka6
{[%clk 00:21:11]} {[%emt 00:00:04]} 45. Bxb6 {[%clk 00:14:50]} {[%emt
00:00:40]} Kxb6 {[%clk 00:22:10]} {[%emt 00:00:02]} 46. a3 {[%clk 00:14:23]}
{[%emt 00:00:56]} Kc5 {[%clk 00:20:07]} {[%emt 00:02:31]} 47. Ke3 {[%clk
00:13:09]} {[%emt 00:01:46]} b4 {[%clk 00:13:46]} {[%emt 00:06:51]} 48. Nd4
{[%clk 00:12:21]} {[%emt 00:01:18]} Bd5 {[%clk 00:11:06]} {[%emt 00:03:11]} 49.
e6 {[%clk 00:08:09]} {[%emt 00:04:41]} Re8 {[%clk 00:11:30]} {[%emt 00:00:05]}
50. e7 {[%clk 00:08:30]} {[%emt 00:00:09]} Kd6 {[%clk 00:10:27]} {[%emt
00:01:33]} 51. Kd3 {[%clk 00:07:16]} {[%emt 00:01:45]} Kd7 {[%clk 00:03:18]}
{[%emt 00:07:39]} 52. Nf5 {[%clk 00:07:36]} {[%emt 00:00:10]} Be6 {[%clk
00:03:12]} {[%emt 00:00:34]} 53. Nd4 {[%clk 00:08:03]} {[%emt 00:00:03]} bxa3
{[%clk 00:01:48]} {[%emt 00:01:56]} 54. bxa3 {[%clk 00:07:43]} {[%emt
00:00:50]} a4 {[%clk 00:01:07]} {[%emt 00:01:12]} 55. Rg7 {[%clk 00:07:33]}
{[%emt 00:00:39]} Rxe7 {[%clk 00:00:51]} {[%emt 00:00:46]} 56. Nxe6 {[%clk
00:07:33]} {[%emt 00:00:30]} Kxe6 {[%clk 00:01:18]} {[%emt 00:00:02]} 57. Rxg5
{[%clk 00:07:59]} {[%emt 00:00:05]} Rb7 {[%clk 00:01:36]} {[%emt 00:00:12]} 58.
Kc4 {[%clk 00:06:48]} {[%emt 00:01:41]} Rb3 {[%clk 00:01:51]} {[%emt 00:00:13]}
59. Kd4 {[%clk 00:06:42]} {[%emt 00:00:37]} Kd6 {[%clk 00:00:50]} {[%emt
00:01:32]} 60. Rg6+ {[%clk 00:06:52]} {[%emt 00:00:20]} Kc7 {[%clk 00:01:15]}
{[%emt 00:00:04]} 61. Kc5 {[%clk 00:06:40]} {[%emt 00:00:42]} Rb5+ {[%clk
00:01:32]} {[%emt 00:00:13]} 62. Kc4 {[%clk 00:06:51]} {[%emt 00:00:20]} Kb6
{[%clk 00:01:42]} {[%emt 00:00:19]} 63. Rg3 {[%clk 00:07:01]} {[%emt 00:00:19]}
Rh5 {[%clk 00:01:40]} {[%emt 00:00:33]} 64. Rg4 {[%clk 00:06:49]} {[%emt
00:00:42]} Rb5 {[%clk 00:01:55]} {[%emt 00:00:14]} 65. Rg3 {[%clk 00:07:14]}
{[%emt 00:00:06]} Rb1 {[%clk 00:02:22]} {[%emt 00:00:03]} 66. Rg8 {[%clk
00:07:30]} {[%emt 00:00:14]} Rh1 {[%clk 00:02:07]} {[%emt 00:00:44]} 67. Rg4
{[%clk 00:07:28]} {[%emt 00:00:32]} Rc1+ {[%clk 00:00:45]} {[%emt 00:01:52]} 68.
Kb4 {[%clk 00:07:46]} {[%emt 00:00:13]} Rb1+ {[%clk 00:00:42]} {[%emt
00:00:34]} 1/2-1/2

[Event "European Women's Chess Club Cup 2023"]
[Site "Durres, Albania"]
[Date "2023.10.02"]
[Round "2.26"]
[White "Rapport, Jovana"]
[Black "Muetsch, Annmarie"]
[Result "0-1"]
[TimeControl "90' + 30' & 30\""]
[WhiteElo "2324"]
[BlackElo "2262"]

1. g3 {[%clk 01:30:55]} {[%emt 00:00:03]} e5 {[%clk 01:30:19]} {[%emt
00:00:42]} 2. c4 {[%clk 01:30:58]} {[%emt 00:00:27]} d6 {[%clk 01:29:51]}
{[%emt 00:00:58]} 3. Nc3 {[%clk 01:27:36]} {[%emt 00:03:52]} Nd7 {[%clk
01:29:33]} {[%emt 00:00:48]} 4. Bg2 {[%clk 01:27:22]} {[%emt 00:00:44]} g6
{[%clk 01:28:52]} {[%emt 00:01:10]} 5. e3 {[%clk 01:19:52]} {[%emt 00:08:00]}
Bg7 {[%clk 01:23:57]} {[%emt 00:05:25]} 6. Nge2 {[%clk 01:20:09]} {[%emt
00:00:13]} Ne7 {[%clk 01:23:41]} {[%emt 00:00:47]} 7. d4 {[%clk 01:04:17]}
{[%emt 00:16:23]} O-O {[%clk 01:23:16]} {[%emt 00:00:55]} 8. b3 {[%clk
01:02:21]} {[%emt 00:02:25]} Nf5 {[%clk 01:20:51]} {[%emt 00:02:55]} 9. dxe5
{[%clk 00:51:34]} {[%emt 00:11:16]} Nxe5 {[%clk 01:19:46]} {[%emt 00:01:35]} 10.
Bb2 {[%clk 00:45:11]} {[%emt 00:06:54]} h5 {[%clk 01:11:42]} {[%emt 00:08:34]}
11. h3 {[%clk 00:42:35]} {[%emt 00:03:06]} Re8 {[%clk 01:09:09]} {[%emt
00:03:03]} 12. Qd2 {[%clk 00:42:55]} {[%emt 00:00:11]} Rb8 {[%clk 01:07:44]}
{[%emt 00:01:54]} 13. e4 {[%clk 00:37:20]} {[%emt 00:06:05]} Ne7 {[%clk
01:04:57]} {[%emt 00:03:16]} 14. f4 {[%clk 00:33:45]} {[%emt 00:04:07]} Nd7
{[%clk 01:03:45]} {[%emt 00:01:41]} 15. O-O {[%clk 00:33:59]} {[%emt 00:00:16]}
Nc5 {[%clk 01:00:40]} {[%emt 00:03:35]} 16. b4 {[%clk 00:32:03]} {[%emt
00:02:26]} Na6 {[%clk 00:58:50]} {[%emt 00:02:20]} 17. a3 {[%clk 00:28:31]}
{[%emt 00:04:02]} c6 {[%clk 00:53:21]} {[%emt 00:06:00]} 18. Nd1 {[%clk
00:27:11]} {[%emt 00:01:50]} Bxb2 {[%clk 00:49:11]} {[%emt 00:04:39]} 19. Nxb2
{[%clk 00:27:16]} {[%emt 00:00:25]} d5 {[%clk 00:45:37]} {[%emt 00:04:04]} 20.
cxd5 {[%clk 00:22:14]} {[%emt 00:05:32]} cxd5 {[%clk 00:44:12]} {[%emt
00:01:54]} 21. exd5 {[%clk 00:17:42]} {[%emt 00:05:03]} Nf5 {[%clk 00:43:55]}
{[%emt 00:00:48]} 22. Rf3 {[%clk 00:17:58]} {[%emt 00:00:13]} Bd7 {[%clk
00:41:05]} {[%emt 00:03:20]} 23. Kh2 {[%clk 00:17:24]} {[%emt 00:01:05]} Nc7
{[%clk 00:39:34]} {[%emt 00:02:00]} 24. Nc3 {[%clk 00:12:08]} {[%emt 00:05:46]}
Qf6 {[%clk 00:37:21]} {[%emt 00:02:43]} 25. Rd3 {[%clk 00:11:09]} {[%emt
00:01:30]} h4 {[%clk 00:31:42]} {[%emt 00:06:08]} 26. g4 {[%clk 00:09:57]}
{[%emt 00:01:42]} Ne3 {[%clk 00:27:45]} {[%emt 00:04:27]} 27. Rd4 {[%clk
00:07:26]} {[%emt 00:03:01]} Nc2 {[%clk 00:25:23]} {[%emt 00:02:52]} 28. Qxc2
{[%clk 00:04:14]} {[%emt 00:03:43]} Qxd4 {[%clk 00:25:47]} {[%emt 00:00:05]} 29.
Ne4 {[%clk 00:04:43]} Rxe4 {[%clk 00:19:22]} {[%emt 00:06:56]} 30. Bxe4 {[%clk
00:05:07]} {[%emt 00:00:07]} Re8 {[%clk 00:19:17]} {[%emt 00:00:35]} 31. Bg2
{[%clk 00:04:26]} {[%emt 00:01:11]} Nxd5 {[%clk 00:17:14]} {[%emt 00:02:32]} 32.
Kh1 {[%clk 00:04:22]} {[%emt 00:00:36]} Nxf4 {[%clk 00:15:21]} {[%emt
00:02:22]} 33. Rd1 {[%clk 00:04:27]} {[%emt 00:00:24]} Qe3 {[%clk 00:15:23]}
{[%emt 00:00:28]} 34. Nc4 {[%clk 00:00:36]} {[%emt 00:04:21]} Qg3 {[%clk
00:14:52]} {[%emt 00:01:01]} 35. Bxb7 {[%clk 00:00:31]} {[%emt 00:00:35]} Re2
{[%clk 00:13:58]} {[%emt 00:01:24]} 0-1

[Event "European Women's Chess Club Cup 2023"]
[Site "Durres, Albania"]
[Date "2023.10.02"]
[Round "2.27"]
[White "Jarocka, Liwia"]
[Black "Mkrtchian, Lilit"]
[Result "1/2-1/2"]
[TimeControl "90' + 30' & 30\""]
[WhiteElo "2208"]
[BlackElo "2389"]

1. e4 {[%clk 01:30:56]} {[%emt 00:00:03]} c6 {[%clk 01:30:30]} {[%emt
00:00:30]} 2. d4 {[%clk 01:31:18]} {[%emt 00:00:09]} d5 {[%clk 01:30:53]}
{[%emt 00:00:06]} 3. e5 {[%clk 01:31:23]} {[%emt 00:00:26]} c5 {[%clk
01:30:42]} {[%emt 00:00:40]} 4. c3 {[%clk 01:30:52]} {[%emt 00:01:02]} Nc6
{[%clk 01:30:52]} {[%emt 00:00:20]} 5. Be2 {[%clk 01:31:06]} {[%emt 00:00:16]}
Bf5 {[%clk 01:21:25]} {[%emt 00:09:56]} 6. Nf3 {[%clk 01:31:22]} {[%emt
00:00:15]} e6 {[%clk 01:21:38]} {[%emt 00:00:17]} 7. O-O {[%clk 01:30:49]}
{[%emt 00:01:03]} Bg6 {[%clk 01:20:43]} {[%emt 00:01:25]} 8. dxc5 {[%clk
01:22:36]} {[%emt 00:08:43]} Bxc5 {[%clk 01:21:01]} {[%emt 00:00:12]} 9. Nbd2
{[%clk 01:18:50]} {[%emt 00:04:16]} Nge7 {[%clk 01:19:38]} {[%emt 00:01:53]} 10.
Nb3 {[%clk 01:13:08]} {[%emt 00:06:13]} Bb6 {[%clk 01:20:00]} {[%emt 00:00:07]}
11. h3 {[%clk 01:12:07]} {[%emt 00:01:31]} O-O {[%clk 01:00:58]} {[%emt
00:19:31]} 12. Re1 {[%emt 00:12:59]} Bc7 {[%clk 00:48:56]} {[%emt 00:03:15]} 13.
Bf4 {[%clk 01:06:47]} {[%emt 00:02:38]} Be4 {[%clk 00:46:00]} {[%emt 00:03:26]}
14. Bd3 {[%clk 00:55:17]} {[%emt 00:11:59]} Ng6 {[%clk 00:22:36]} {[%emt
00:23:55]} 15. Bg5 {[%clk 00:53:50]} {[%emt 00:01:58]} Qc8 {[%clk 00:16:47]}
{[%emt 00:06:18]} 16. Bxe4 {[%clk 00:53:41]} {[%emt 00:00:40]} dxe4 {[%clk
00:17:13]} {[%emt 00:00:04]} 17. Rxe4 {[%clk 00:54:01]} {[%emt 00:00:10]} Ncxe5
{[%clk 00:15:41]} {[%emt 00:02:01]} 18. Nxe5 {[%clk 00:53:48]} {[%emt
00:00:44]} Bxe5 {[%clk 00:15:44]} {[%emt 00:00:27]} 19. Qe2 {[%clk 00:51:55]}
{[%emt 00:02:23]} Bc7 {[%clk 00:15:03]} {[%emt 00:01:11]} 20. h4 {[%clk
00:32:25]} {[%emt 00:20:00]} f6 {[%clk 00:13:44]} {[%emt 00:01:49]} 21. h5
{[%clk 00:31:27]} {[%emt 00:01:27]} Nh8 {[%clk 00:13:35]} {[%emt 00:00:39]} 22.
Bd2 {[%clk 00:29:50]} {[%emt 00:02:08]} e5 {[%clk 00:13:35]} {[%emt 00:00:30]}
23. c4 {[%clk 00:16:04]} {[%emt 00:14:16]} Nf7 {[%clk 00:13:40]} {[%emt
00:00:25]} 24. c5 {[%clk 00:15:08]} {[%emt 00:01:26]} f5 {[%clk 00:11:18]}
{[%emt 00:02:51]} 25. Rh4 {[%clk 00:14:20]} {[%emt 00:01:19]} Qd8 {[%clk
00:11:13]} {[%emt 00:00:34]} 26. Rb4 {[%clk 00:14:09]} {[%emt 00:00:40]} Qd5
{[%clk 00:11:24]} {[%emt 00:00:21]} 27. Qc4 {[%clk 00:11:17]} {[%emt 00:03:21]}
Qxc4 {[%clk 00:10:35]} {[%emt 00:01:20]} 28. Rxc4 {[%clk 00:11:46]} {[%emt
00:00:01]} Rfd8 {[%clk 00:10:52]} {[%emt 00:00:12]} 29. Ba5 {[%clk 00:11:03]}
{[%emt 00:01:13]} b6 {[%clk 00:05:45]} {[%emt 00:05:38]} 30. cxb6 {[%clk
00:11:05]} {[%emt 00:00:28]} Bxb6 {[%clk 00:06:11]} {[%emt 00:00:04]} 31. Rc6
{[%clk 00:09:09]} {[%emt 00:02:25]} Rd6 {[%clk 00:01:00]} {[%emt 00:05:42]} 32.
Rac1 {[%clk 00:09:20]} {[%emt 00:00:19]} Rad8 {[%clk 00:01:05]} {[%emt
00:00:25]} 33. Rxd6 {[%clk 00:08:05]} {[%emt 00:01:45]} Nxd6 {[%clk 00:00:47]}
{[%emt 00:00:48]} 34. Rc6 {[%clk 00:06:55]} {[%emt 00:01:39]} Ne4 {[%clk
00:00:33]} {[%emt 00:00:44]} 35. Bxb6 {[%clk 00:06:56]} {[%emt 00:00:30]} axb6
{[%clk 00:00:59]} {[%emt 00:00:04]} 36. h6 {[%clk 00:03:24]} {[%emt 00:04:01]}
g5 {[%clk 00:00:48]} {[%emt 00:00:41]} 37. g4 {[%clk 00:03:01]} {[%emt
00:00:53]} fxg4 {[%clk 00:00:43]} {[%emt 00:00:35]} 38. Rxb6 {[%clk 00:02:58]}
{[%emt 00:00:34]} Rf8 {[%clk 00:00:32]} {[%emt 00:00:40]} 39. Re6 {[%clk
00:01:51]} {[%emt 00:01:36]} Nxf2 {[%clk 00:00:49]} {[%emt 00:00:15]} 40. Rxe5
{[%clk 00:01:37]} {[%emt 00:00:44]} Nh3+ {[%clk 00:01:02]} {[%emt 00:00:16]} 41.
Kg2 {[%clk 00:01:17]} {[%emt 00:00:50]} Rf3 {[%emt 00:15:22]} 42. Nc5 {[%clk
00:19:49]} {[%emt 00:03:05]} Kf7 {[%emt 00:15:28]} 43. Ne4 {[%clk 00:09:57]}
{[%emt 00:04:34]} Kg6 {[%clk 00:16:10]} {[%emt 00:00:12]} 44. a4 {[%clk
00:08:38]} {[%emt 00:01:50]} Kh5 {[%clk 00:13:36]} {[%emt 00:03:03]} 45. Ng3+
{[%clk 00:07:59]} {[%emt 00:01:09]} Kh4 {[%clk 00:13:52]} {[%emt 00:00:15]} 46.
Nf5+ {[%clk 00:08:21]} {[%emt 00:00:08]} Kh5 {[%clk 00:14:17]} {[%emt
00:00:04]} 47. Ng3+ {[%clk 00:08:46]} {[%emt 00:00:06]} 1/2-1/2

[Event "European Women's Chess Club Cup 2023"]
[Site "Durres, Albania"]
[Date "2023.10.02"]
[Round "2.28"]
[White "Velikic, Adela"]
[Black "Bashylina, Luisa"]
[Result "1-0"]
[TimeControl "90' + 30' & 30\""]
[WhiteElo "2274"]
[BlackElo "2192"]

1. d4 {[%clk 01:30:57]} {[%emt 00:00:02]} Nf6 {[%clk 01:30:53]} {[%emt
00:00:08]} 2. c4 {[%clk 01:31:21]} {[%emt 00:00:06]} g6 {[%clk 01:31:20]}
{[%emt 00:00:03]} 3. h4 {[%clk 01:31:46]} {[%emt 00:00:05]} Bg7 {[%clk
01:31:37]} {[%emt 00:00:12]} 4. Nc3 {[%clk 01:32:07]} {[%emt 00:00:09]} d5
{[%clk 01:31:56]} {[%emt 00:00:11]} 5. h5 {[%clk 01:32:28]} {[%emt 00:00:09]}
O-O {[%clk 01:31:51]} {[%emt 00:00:36]} 6. hxg6 {[%clk 01:32:47]} {[%emt
00:00:11]} hxg6 {[%clk 01:32:16]} {[%emt 00:00:04]} 7. Nf3 {[%clk 01:33:10]}
{[%emt 00:00:07]} dxc4 {[%clk 01:32:43]} {[%emt 00:00:04]} 8. Bh6 {[%clk
01:32:38]} {[%emt 00:01:02]} Bxh6 {[%clk 01:32:38]} {[%emt 00:00:35]} 9. Rxh6
{[%clk 01:33:02]} {[%emt 00:00:06]} Kg7 {[%clk 01:33:00]} {[%emt 00:00:08]} 10.
Qd2 {[%clk 01:33:00]} {[%emt 00:00:32]} c5 {[%clk 01:30:04]} {[%emt 00:03:26]}
11. d5 {[%clk 01:33:02]} {[%emt 00:00:27]} e6 {[%clk 01:29:33]} {[%emt
00:01:02]} 12. Rh4 {[%clk 01:20:04]} {[%emt 00:13:28]} Rh8 {[%clk 01:29:23]}
{[%emt 00:00:39]} 13. Rxh8 {[%clk 01:20:16]} {[%emt 00:00:18]} Qxh8 {[%clk
01:29:02]} {[%emt 00:00:52]} 14. O-O-O {[%clk 01:12:16]} {[%emt 00:08:30]} Na6
{[%clk 01:21:18]} {[%emt 00:08:13]} 15. Ng5 {[%clk 00:57:04]} {[%emt 00:15:43]}
Nc7 {[%clk 01:12:32]} {[%emt 00:09:16]} 16. d6 {[%clk 00:50:54]} {[%emt
00:06:39]} Ncd5 {[%emt 00:11:41]} 17. e4 {[%emt 00:03:26]} Nxc3 {[%clk
00:56:49]} {[%emt 00:02:17]} 18. Qxc3 {[%clk 00:47:39]} {[%emt 00:03:35]} Bd7
{[%emt 00:12:17]} 19. g3 {[%emt 00:27:46]} Re8 {[%clk 00:36:51]} {[%emt
00:00:46]} 20. Bxc4 {[%clk 00:18:17]} {[%emt 00:10:31]} b5 {[%clk 00:32:14]}
{[%emt 00:05:07]} 21. Be2 {[%clk 00:09:58]} {[%emt 00:08:50]} e5 {[%clk
00:29:12]} {[%emt 00:03:31]} 22. f4 {[%clk 00:03:12]} {[%emt 00:07:16]} Kg8
{[%clk 00:23:07]} {[%emt 00:06:35]} 23. Bxb5 {[%clk 00:01:57]} {[%emt
00:01:45]} Bxb5 {[%clk 00:12:55]} {[%emt 00:10:43]} 24. Qb3 {[%clk 00:02:21]}
{[%emt 00:00:06]} Rf8 {[%clk 00:12:09]} {[%emt 00:01:16]} 25. Qxb5 {[%clk
00:02:40]} {[%emt 00:00:10]} exf4 {[%clk 00:11:46]} {[%emt 00:00:54]} 26. gxf4
{[%emt 00:01:57]} Qh4 {[%clk 00:11:42]} {[%emt 00:00:15]} 27. Qf1 {[%clk
00:01:21]} {[%emt 00:00:41]} Nh5 {[%clk 00:10:09]} {[%emt 00:02:03]} 28. Nh3
{[%clk 00:01:03]} {[%emt 00:00:47]} Ng3 {[%clk 00:08:54]} {[%emt 00:01:45]} 29.
Qg2 {[%clk 00:01:16]} {[%emt 00:00:18]} Qg4 {[%clk 00:08:42]} {[%emt 00:00:42]}
30. Rg1 {[%clk 00:00:55]} {[%emt 00:00:51]} Ne2+ {[%clk 00:08:06]} {[%emt
00:01:06]} 31. Kd2 {[%clk 00:01:10]} {[%emt 00:00:15]} Qh5 {[%clk 00:07:37]}
{[%emt 00:00:59]} 32. Qxe2 {[%clk 00:01:18]} {[%emt 00:00:22]} Qxh3 {[%clk
00:08:04]} {[%emt 00:00:03]} 33. e5 {[%clk 00:01:16]} {[%emt 00:00:32]} Qe6
{[%clk 00:07:05]} {[%emt 00:01:28]} 34. b3 {[%clk 00:01:07]} {[%emt 00:00:39]}
Qf5 {[%clk 00:05:39]} {[%emt 00:01:56]} 35. Qe3 {[%clk 00:00:58]} {[%emt
00:00:39]} Re8 {[%clk 00:04:31]} {[%emt 00:01:39]} 36. Rc1 {[%clk 00:01:03]}
{[%emt 00:00:25]} Kg7 {[%clk 00:04:11]} {[%emt 00:00:50]} 37. Rh1 {[%clk
00:00:45]} {[%emt 00:00:48]} Qe6 {[%clk 00:03:52]} {[%emt 00:00:49]} 38. Qh3
{[%clk 00:00:49]} {[%emt 00:00:25]} Qd5+ {[%clk 00:04:11]} {[%emt 00:00:11]} 39.
Kc1 {[%clk 00:01:04]} {[%emt 00:00:15]} f5 {[%clk 00:02:00]} {[%emt 00:02:42]}
40. Qh7+ {[%clk 00:01:10]} {[%emt 00:00:23]} Kf8 {[%clk 00:02:25]} {[%emt
00:00:05]} 41. Qh8+ {[%clk 00:01:21]} {[%emt 00:00:19]} Qg8 {[%clk 00:02:49]}
{[%emt 00:00:07]} 42. Qf6+ {[%clk 00:01:41]} {[%emt 00:00:09]} 1-0